Dickens and mass culture / (رقم التسجيلة. 20073)

تفاصيل مارك
000 -الفاتح
حقل البيانات ثابتة الطول 00855cam a2200265 a 4500
001 - رقم الضبط
رقم الضبط 16423726
003 - محدد رقم الضبط
رقم الضبط OSt
005 - وقت وتاريخ اخر تعامل مع التسجيلة
رقم الضبط 20150408114001.0
008 - عناصر البيانات ثابتة الطول - معلومات عامة
حقل البيانات ثابتة الطول 111215s2010 enka b 001 0 eng
010 ## - رقم ضبط مكتبة الكونجرس
رقم ضبط مكتبة الكونجرس 2010935312
020 ## - الرقم الدولى المعيارى للكتب
الرقم الدولى المعيارى للكتاب 9780199257928
040 ## - مصدر الفهرسة
وكالة الفهرسة الأصلية DLC
وكالة النسخ MU
042 ## - رمز التحقق
رمز التحقق pcc
050 00 - رقم طلب مكتبة الكونجرس
رقم التصنيف PR4588
رقم المادة .J55 2010
082 00 - رقم تصنيف ديوى العشرى
رقم التصنيف 823.8 J J D
رقم الطبعة 22
100 1# - المدخل الرئيسى - إسم شخصى
الإسم الشخصى John, Juliet,
التواريخ المصاحبة للاسم 1967-
9 (RLIN) 8651
245 10 - بيان العنوان
العنوان Dickens and mass culture /
بيان المسئوليه,etc Juliet John.
260 ## - PUBLICATION, DISTRIBUTION, ETC. (IMPRINT)
مكان الناشر او الموزع Oxford ;
-- New York :
اسم الناشر او الموزع Oxford University Press,
تاريخ النشر أو التوزيع 2010.
300 ## - الوصف المادى
التعداد xi, 321 p. :
تفاصيل ماديه اخرى للوعاء ill. ;
أبعاد الوعاء 23 cm.
504 ## - تبصرة ببليوجرافية
تبصرة ببليوجرافية,الخ Includes bibliographical references (p. [290]-311) and index.
600 10 - المدخل الاضافى بالموضوع-اسم شخصى
الإسم الشخصى Dickens, Charles,
التواريخ المصاحبة للاسم 1812-1870
التقسيم الفرعي العام Criticism and interpretation.
906 ## - عنصر بيانات محلى F, LDF (RLIN)
a 7
b cbc
c orignew
d 2
e epcn
f 20
g y-gencatlg
942 ## - عناصر المدخل الإضافي( كوها)
مصدر التصنيف او مخطط الترفيف Dewey Decimal Classification
Koha [default] item type DVD
المقتنيات
حالة الفقد نموذج السعر الفعال حالة تلف ليس للاعارة رقم الطلب رقم النسخة تاريخ الاكتساب الموقع الحالي الباركود الفرع الرئيسي Date last seen نوع المادة فى نظام كوها مصدر التصنيف او خطة الترفيف Total Checkouts
  2013-03-10     823.8 J J D n 1 2011-12-15 قسم الاجراءات الفنية (IC) 00100438 قسم الاجراءات الفنية (IC) 2013-03-10 كتاب Dewey Decimal Classification  
  2013-03-10     823.8 J J D n 2 2011-12-15 قسم الاجراءات الفنية (IC) 00100439 قسم الاجراءات الفنية (IC) 2013-03-10 كتاب Dewey Decimal Classification